| 000 | 01063nac a22001931u 4500 | ||
|---|---|---|---|
| 008 | 100725t ua||||| |||| 001 0 ara d | ||
| 082 |
_a210 _bع ا م _222 |
||
| 100 |
_aالعامري، ابي الحسن محمد بن يوسف _916730 |
||
| 245 |
_a/كتاب الإعلام بمناقب الإسلام _cأبي الحسن محمد بن يوسف العامري؛ تحقيق ودراسة بقلم أحمد عبدالحميد غراب |
||
| 260 |
_aالقاهرة : _bدار الكاتب العربي للطباعة والنشر، 1967 _c1967. |
||
| 300 |
_a262 ص ؛ _c24 سم. |
||
| 504 | _aيشتمل على ببليوجرافية ص 248-262 وكشاف | ||
| 541 |
_aألف باء ؛ _cشراء ؛ |
||
| 650 |
_aالإسلام _915692 |
||
| 650 |
_aالشريعة الإسلامية _915034 |
||
| 700 |
_aغراب، احمد عبدالحميد _916732 _eمحقق |
||
| 942 |
_cBB _k210 ع ا م _2ddc |
||
| 999 |
_c7539 _d7539 |
||